000 00317nam a22001457a 4500
020 _a0-7214-09112-1
082 _a823
_bMCC/F
100 _aMCCULLAGH, SHEILA
245 _aTHE FLYING SAUCER
_bPUDDLE LANE
250 _a1
260 _aUK
_bLADYBIRD
300 _a43
650 _aENGLISH SHORT STORY
_zUK
942 _cBK
999 _c4152
_d4152